| 000 | 01294nam a22003017a 4500 | ||
|---|---|---|---|
| 005 | 20240530110453.0 | ||
| 008 | 150520s2011 ua g b 000 0 ara d | ||
| 017 |
_a2010/16319 _bمصر . دار الكتب المصرية |
||
| 020 | _a9789773832178 | ||
| 040 | _aEG-CaGPL | ||
| 082 | 0 | 4 |
_221 _a371.9144\ _bس ص |
| 100 | 0 | _aسليمان عبدالواحد يوسف ابراهيم | |
| 245 | 1 | 0 |
_aصعوبات التعلم النمائية و اثرها على القراءة و الكتابة و الرياضيات و العلوم / _cتاليف سليمان عبدالواحد يوسف ابراهيم ، هانى شحات احمد |
| 250 | _aط1 | ||
| 260 |
_aالقاهرة : _bإيتراك للطباعة و النشر و التوزيع ، _c2011 . |
||
| 300 |
_a242 ص ؛ _c24 سم . |
||
| 504 | _aيشتمل على ارجاعات ببليوجرافية | ||
| 650 | 0 | 4 | _aصعوبات التعلم |
| 650 | 0 | 4 | _aالادراك الحسى |
| 650 | 0 | 4 | _aالتفكير |
| 650 | 0 | 4 | _aالقراءة |
| 650 | 0 | 4 |
_aالرياضيات _xتعليم و تدريس |
| 650 | 0 | 4 | _aالكتابة |
| 650 | 0 | 4 |
_aالقراءة _xصعوبات التعلم |
| 700 | 0 |
_aهانى شحات احمد _eمؤلف مشارك |
|
| 942 |
_2ddc _cBK |
||
| 999 |
_c61293 _d61293 |
||